FIFA World Cup 2022 - faza grupowa - Statystyki

Ogólne statystyki
  • Ten quiz został rozwiązany 448 razy
  • Średni wynik to 24 z 29
Statystyki odpowiedzi
Grupa Drużyna % Poprawnych
Grupa C Polska
98%
Grupa C Argentyna
97%
Grupa C Meksyk
95%
Grupa C Arabia Saudyjska
94%
Grupa D Francja
93%
Grupa H Portugalia
92%
Grupa B Anglia
90%
Grupa A Holandia
90%
Grupa A Katar
90%
Grupa G Brazylia
89%
Grupa E Hiszpania
89%
Grupa E Niemcy
88%
Grupa E Japonia
84%
Grupa A Senegal
84%
Grupa B Stany Zjednoczone
84%
Grupa F Belgia
80%
Grupa F Maroko
80%
Grupa F Chorwacja
79%
Grupa A Ekwador
77%
Grupa H Korea Południowa
77%
Grupa H Urugwaj
77%
Grupa D Dania
75%
Grupa F Kanada
74%
Grupa G Szwajcaria
73%
Grupa H Ghana
69%
Grupa B Iran
68%
Grupa G Serbia
66%
Grupa G Kamerun
63%
Grupa D Tunezja
61%
Nie znaleziono quizów pasujących do podanych kryteriów
Rozkład punktacji
Procent ludzi z każdym wynikiem
Percentyl według liczby udzielonych odpowiedzi
Twoja historia wyników
Nie rozwiązałeś tego quizu